000 00382nam a2200169Ia 4500
100 _aForouzan/B.A/ Gilberg/R.F
650 _aC
250 _a3
942 _cBK
366 _f25
245 _aComputer Science:Structured programming approach using C
260 _bCengage Learning
_c2007
082 _a4
_bFOR
300 _a1156
546 _aENGLISH
_cPAMPHALETS
999 _c25189
_d25189